Mocenské zmeny vo Francúzsku vo volebnom roku 2012
Charakteristika prezidentských kandidátov pre prezidentské voľby 2012. Výsledky prezidentských volieb 2012. Parlamentné voľby 2012.
Uložené v:
| Hlavný autor: | |
|---|---|
| Médium: | Kapitola |
| Jazyk: | Slovak |
| Predmet: | |
| Tagy: |
Žiadne tagy, Buďte prvý, kto otaguje tento záznam!
|
MARC
| LEADER | 00000nla a2200000 4500 | ||
|---|---|---|---|
| 001 | 0167107 | ||
| 005 | 20240502072918.9 | ||
| 041 | 0 | |a slo | |
| 044 | |a SK | ||
| 245 | 1 | 0 | |a Mocenské zmeny vo Francúzsku vo volebnom roku 2012 |c Rudolf Kucharčík |
| 520 | |a Charakteristika prezidentských kandidátov pre prezidentské voľby 2012. Výsledky prezidentských volieb 2012. Parlamentné voľby 2012. | ||
| 610 | 2 | 0 | |a Francúzsko |
| 610 | 2 | 0 | |a voľby |
| 610 | 2 | 0 | |a politika zahraničná |
| 610 | 2 | 0 | |a vývoj politický |
| 610 | 2 | 0 | |a politika |
| 100 | 1 | |a Kucharčík, Rudolf, 1977- | |